| 000 | 00524 a2200145 4500 | ||
|---|---|---|---|
| 040 | _a0 | ||
| 082 | _aPGDIT-2 | ||
| 100 |
_aRizwan Ahmad. _993300 |
||
| 245 |
_aManagement information system of ESKAY trading company _cRizwan Ahmad. |
||
| 260 |
_aIslamabad : _bNUST School of Electrical Engineering & Computer Science, _c2000. |
||
| 300 |
_a78 p. : _bill. ; _c27 cm. |
||
| 500 | _aSupervisors : Mr. Nabeel Zubair, Dr. Arshad Ali. | ||
| 856 | _uhttp://10.250.8.41:8080/xmlui/handle/123456789/30545 | ||
| 942 |
_cPR _kPGDIT-2 RIZ _2ddc |
||
| 999 |
_c9282 _d9282 |
||